000 00610nam a2200229Ia 4500
001 12100
003 GE_BSU
008 181216s||||||||xx |||||||||||||| ||und||
020 _a0521631564
040 _cGE_BSU
080 _a821.111-09
245 4 _aThe Cambridge of Early Modern English Literature
245 _cEdited by David Lovenstein and Jahel Mueller
260 _aCambridge
260 _bCambridge University Press
260 _c2002
300 _a1038p.24cm.
300 _eBibliogr. p.879-964
541 _h181Gel.
653 _aThe Cambridge of Early Modern English Literature
942 _cBK
999 _c45276
_d45276